Обмяна на веществата в детската възраст (Запис номер 95851)
[ съкратено ]
| 000 -Лидер | |
|---|---|
| Контролно поле с фиксирана дължина | 01846nam a2200337 c 4500 |
| 003 - Код на организацията, давaща контролен номер | |
| Контролно поле | BLK |
| 005 - Дата и час на последна редакция | |
| Контролно поле | 20180422105018.0 |
| 008 - Елементи от данни с фиксирана дължина | |
| fixed length control field | 180409b bul|||||r ||||||| ||bul|| |
| 010 ## - Наследен системен номер | |
| LC control number | KNG00100730000 |
| 040 ## - Източник на каталожния запис | |
| Идентификатор на билиотеката - собственик на записа | BLK |
| 041 ## - Код за език | |
| Код за езика на текст/звукозапис или на отделно заглавие | Български |
| Код за езика КДБФ | Български |
| 080 ## - УДК | |
| Текстов определител УДК | Биохимия на човека (Физиологична химия) - Ензими, ферменти, химически състав на човешкото тяло, обмяна на веществата и влияние на температурата и нервната система върху нея, пигменти. Вж и 577.1 |
| УДК код - определител по УДК | 612.015 |
| УДК определител | -053.2 |
| УДК - код + определител | 612.015-053.2 |
| 080 ## - УДК | |
| Текстов определител УДК | Гинекология. Акушерство. Използват се спец. опред. към 616 (-001/-009;-01/-09;-7) |
| УДК код - определител по УДК | 618 |
| УДК определител | -008-053.2 |
| УДК - код + определител | 618-008-053.2 |
| 100 1# - Редна дума - Автор | |
| Автор | Рачев, Любен Паскалев |
| Авторска отговорност | първи автор |
| R(LIN) | 306542 |
| 139 ## - Редно поле | |
| Редна дума | Рачев, Любен Паскалев и др. |
| Авторски знак | Рач - Р 41 |
| 245 10 - Сведения за заглавието | |
| Заглавие | Обмяна на веществата в детската възраст |
| Подзаглавни данни | Моногр. |
| Редно поле (дума) | Любен Паскалев Рачев; съавт. Йордан Тодоров; съавт. Стефка Ст. Статева. |
| 250 ## - Област на изданието | |
| Сведения за изданието | 2. изд. |
| 257 ## - Страна на издаване | |
| Страна на създаване/издаване | България |
| 260 ## - Област на издателските данни | |
| -- | София |
| Име на издателя, разпространителя и проч. | Медицина и физкултура |
| Година на издаване | 1965 |
| 300 ## - Физическа характеристика | |
| Страници | 444 с. |
| Илюстрации и др. | с ил., 2 л. : прил. |
| Размери/Мащаб | 21 см |
| 380 ## - Жанр | |
| Жанр | Медицина |
| 650 #4 - Допълнително описание по предмет – тема | |
| Основно описание – тема или топоним | Обмяна на веществата - у децата |
| 9 (RLIN) | 306544 |
| 650 #4 - Допълнително описание по предмет – тема | |
| Основно описание – тема или топоним | Обмяна на веществата - нарушения |
| 9 (RLIN) | 265137 |
| 700 1# - Други автори (авторска отговорност) | |
| Лично име | Тодоров, Йордан |
| Автороска отговорност (Описва отношението между автора и произведението) | съавт. |
| 9 (RLIN) | 372976 |
| 700 1# - Други автори (авторска отговорност) | |
| Лично име | Статева, Стефка Ст. |
| Автороска отговорност (Описва отношението между автора и произведението) | съавт. |
| 9 (RLIN) | 306543 |
| 852 ## - Местоположение | |
| Форматна сигнатура | Цб 36284 |
| 856 4# - Електронен адрес и достъп | |
| Електронен формат | pdf - файл |
| Път до файла /url/ | |
| 856 4# - Електронен адрес и достъп | |
| Електронен формат | pdf - файл |
| Път до файла /url/ | |
| 942 ## - АРТИКУЛИ | |
| Вид на библиотечния материал | Книги |
| Скрит в OPAC | Не |
| 944 ## - СЪЗДАВАНЕ И РЕДАКЦИЯ на ЗАПИСА | |
| Създаване/Редакция | Създаване |
| Дата на регистрацията/редакция | 17.11.2016 |
| Служител, извършил регистрацията/редакцията | Правда_Бадева |
| 944 ## - СЪЗДАВАНЕ И РЕДАКЦИЯ на ЗАПИСА | |
| Създаване/Редакция | Редакция |
| Дата на регистрацията/редакция | 17.11.2016 |
| Служител, извършил регистрацията/редакцията | Правда_Бадева |
| 999 ## - СИСТЕМНИ КОНТРОЛНИ НОМЕРА | |
| Koha biblionumber | 95851 |
| Koha biblioitemnumber | 95851 |
| Код за отписване | Код за изгубен артикул | Източник на класификационната схема | Код за повреда | Коз за рестрикции | Код за отдаване | Артикулен № | Име на библиотеката - собственик | Име на библиотеката, в която се намира в момента | Статус (Текущо местоположение) | Дата на вписване в системата | Местоположение - отдел | Цена в лева | Инвентарен номер | Систематично азбучна сигнатура | Баркод | Номер на екземпляра | Цена в евро | Служебна бележка | Служебен тип на артикула |
|---|---|---|---|---|---|---|---|---|---|---|---|---|---|---|---|---|---|---|---|
| Не е изгубен | Universal Decimal Classification | Не е повреден | само за читалня | ползва се в читалня | 153859 | Регионална библиотека "Любен Каравелов" Русе | Регионална библиотека "Любен Каравелов" Русе | Хранилище | 1965-01-01 | Хранилище | 0.88 | 970/66 | Цб 36284 | 900000096850 | 1 | 0.45 | N: стар фонд Дата: 01.01.1965 | Книги | |
| Изтеглен | Не е изгубен | Universal Decimal Classification | Не е повреден | без рестрикции | заемане за дома | 153860 | Регионална библиотека "Любен Каравелов" Русе | Регионална библиотека "Любен Каравелов" Русе | Заемна - подръчен фонд | 1965-01-01 | Заемна - подръчен фонд | 1.88 | 602481 | П 616-053.2/Р 41 | 602481 | 2 | 0.96 | N: стар фонд Дата: 01.01.1965 Дата инв: 02.02.2018 Бележки инв: П2018 | Книги |